Cơ sở khoa học bố trí sử dụng đất nông nghiệp vùng đồng bằng Sông Cửu Long

Nội dung sách giới thiệu những công tình mà các tác giả đã nghiên cứu nhiều năm về: đất đai, khí hậu, thổ nhưỡng, các vùng sinh thái và hướng dẫn đầu tư, xây dựng, cải tạo, sử dụng đất nông nghiệp vùng Đồng bằng Sông Cửu Long trong n...

Descripció completa

Guardat en:
Dades bibliogràfiques
Autor principal: Trần An Phong (Chủ biên)
Altres autors: Nguyễn Mạnh Hùng, Nguyễn Văn Nhân, Hoàng Văn Thái, Tào Quốc Tuấn
Format: Llibre
Idioma:Vietnamese
Publicat: Tp. Hồ Chí Minh Nông nghiệp 1986
Matèries:
Etiquetes: Afegir etiqueta
Sense etiquetes, Sigues el primer a etiquetar aquest registre!
Thư viện lưu trữ: Thư viện Trường Đại học Nam Cần Thơ
LEADER 01523nam a22002417a 4500
001 NCT_146337
008 230331b xxu||||| |||| 00| 0 vie d
999 |c 7536  |d 7536 
020 |c 40000 
082 0 4 |2 23rd ed.  |a 333.76  |b Ph429 
100 1 |a Trần An Phong  |e Chủ biên 
245 1 0 |a Cơ sở khoa học bố trí sử dụng đất nông nghiệp vùng đồng bằng Sông Cửu Long  |c Trần An Phong (Chủ biên); Nguyễn Mạnh Hùng, Nguyễn Văn Nhân, Hoàng Văn Thái, Tào Quốc Tuấn 
260 |a Tp. Hồ Chí Minh  |b Nông nghiệp  |c 1986 
300 |a 147 tr.  |c 21 cm 
520 3 |a Nội dung sách giới thiệu những công tình mà các tác giả đã nghiên cứu nhiều năm về: đất đai, khí hậu, thổ nhưỡng, các vùng sinh thái và hướng dẫn đầu tư, xây dựng, cải tạo, sử dụng đất nông nghiệp vùng Đồng bằng Sông Cửu Long trong những năm trước mắt và hướng lâu dài sau này. 
653 |a Quản lý Đất đai 
700 1 |a Nguyễn Mạnh Hùng 
700 1 |a Nguyễn Văn Nhân 
700 1 |a Hoàng Văn Thái 
700 1 |a Tào Quốc Tuấn 
942 |2 ddc  |c BK 
952 |0 0  |1 0  |2 ddc  |4 0  |6 333_760000000000000_PH429  |7 0  |9 27161  |a 000001  |b 000001  |d 2023-03-31  |o 333.76 Ph429  |p MD.21296  |r 2023-03-31  |v 40000.00  |w 2023-03-31  |y BK 
980 |a Thư viện Trường Đại học Nam Cần Thơ